Who Can Be Saved? Reassessing Salvation in Christ and World Religions (Record no. 18698)

MARC details
000 -LEADER
fixed length control field 00635nam a2200241 a 4500
020 ## - INTERNATIONAL STANDARD BOOK NUMBER
ISBN
082 00 - DEWEY DECIMAL CLASSIFICATION NUMBER
Classification number 234
Author Cutter TIE
100 ## - MAIN ENTRY--AUTHOR NAME
Author name Tiessen, Terrance L
245 ## - TITLE STATEMENT
Title Who Can Be Saved? Reassessing Salvation in Christ and World Religions
260 ## - PUBLICATION, DISTRIBUTION, ETC. (IMPRINT)
Place of publication Illinois
Name of publisher Intervarsity Press
Year of publication 2004
300 ## - PHYSICAL DESCRIPTION
Number of Pages 511p
500 ## - GENERAL NOTE
General note includes index and biblioraphy
505 2# - FORMATTED CONTENTS NOTE
Formatted contents note Index
650 ## - SUBJECT ADDED ENTRY--TOPICAL TERM
Topical Term Salvation-Christianity
942 ## - ADDED ENTRY ELEMENTS (KOHA)
Koha item type Books
700 1# -
-- Tiessen, Terrance L
Holdings
Collection code Home library Current library Date acquired Cost, normal purchase price Full call number Accession Number Koha item type
  Henry Martyn Institute Library Henry Martyn Institute Library 09/16/2009 1359.20 234 TIE 11001647 Books
                   Copyright © 2026 | Henry Martyn Institute | Hyderabad | TS-500052 | INDIA | Implemented by hmi.edu.in
Hit-Count:

Powered by Koha